000 01460nam a22003017a 4500
999 _c117545
_d117545
003 dpl
005 20181114132246.0
008 181114b ||||| |||| 00| 0 eng d
010 _aA-981977
020 _c100.00
_a8126006420
035 _aA-981977, A-982002
037 _bCen Lib/Ret
040 _aDPL
_bHN
_c0
082 _a
_bदेशप
100 _a देशपाणडे, शाशी
_9103845
245 _aवह लम्बी ख़ामोशी /
_cशाशी देशपाणडे; अनुवादक लक्ष्मीचन्द जैन
246 _aRajkanya /
_bby Shashi Deshpande; anuvadak Lakshmichand Jain
260 _aनयी दिल्ली
_bसाहित्य अकादेमी
_c1999
270 _aरवीन्द्र भवन, 35, फीरोजशाह मार्ग
_bनयी दिल्ली
_e110001
300 _a202पृ.
_c20सेमी (सजिल्द )
490 _aसाहित्य अकादेमी द्वारा पुरस्कृत भारतीय अंग्रेजी उपन्यास
650 _aसाहित्य--उपन्यास
_x
_z
_945844
650 _aहिंदी उपन्यास
_v
_9103846
650 _aLiterature--Novel
_9103847
650 _aHindi Novel
_9103848
700 _a जैन, लक्ष्मीचन्द
_944816
942 _2ddc
_cHN
_h
_mदेशप